00253nam a2200097Ia 4500008004100000245006200041260002200103440000600125942000700131999001700138140130s9999 xx 000 0 und d cLunsford, SusanaTeaching w/ favorite Read-Alouds in prek bScholastic,c2004 v1 cBK c41648d41648